| 000 | 00570nam a2200133Ia 4500 | ||
|---|---|---|---|
| 005 | 20260209120153.0 | ||
| 008 | 260209s9999||||xx |||||||||||||| ||und|| | ||
| 100 | _aSagar Rana | ||
| 245 | 0 | _aBalancing security and justice : evaluating the compliance of UAPA's terrorist designation process with natural justice and fair trial principles | |
| 260 |
_aBangaloreBangalore _bNLSIU, Bangalore _c2024 - 2025 |
||
| 300 | _a37 p. ; 25 cm. | ||
| 700 | _aMs. Radhika Chitkara - SupervisorMs. Radhika Chitkara - Supervisor | ||
| 856 | _uhttps://dans.nls.ac.in/handle/123456789/2518 | ||
| 999 |
_c217807 _d217807 |
||